000 00871nam a22002055i 4500
001 178676
003 ES-MaACL
005 20230906220602.0
008 110610s1972 sp d |||| | spa d
080 _a617.7
100 1 _aCamara Hermoso, Julio de la.
_9147108
245 1 0 _aEsteroides antiinflamatorios en la terapéutica local ocular /
_cresumen de la tesis presentada para aspirar al grado de doctor en medicina por Julio de la Camara Hermoso.
260 _aBarcelona :
_bUniversidad de Barcelona, Secretariado de Publicaciones, Intercambio Científico y Extensión Universitaria :
_bIvern,
_c1972.
300 _a16 p. :
_bil. bl. y n. ;
_c24 cm.
500 _aCub. tomada como port.
650 0 4 _aOftalmología.
_915693
650 0 4 _aOjos-
_xTratamiento.
_9147109
710 2 _aUniversidad de Barcelona.
_97141
852 _aES-MaACL
_jE-15361 (83)
_xOlim P-1374
999 _c178676
_d178676